[Event "CZE-chT2D 2223"]
[Site "Czech Republic"]
[Date "2022.12.04"]
[Round "4.3"]
[White "Ptacek, Lubos"]
[Black "Novak, Ales"]
[Result "0-1"]
[WhiteElo "2045"]
[BlackElo "2112"]
[PlyCount "116"]
[EventDate "2022.10.16"]
[EventType "team-tourn"]
[EventRounds "11"]
[EventCountry "CZE"]
[SourceTitle "EXT 2024"]
[Source "ChessBase"]
[SourceDate "2023.10.10"]
[SourceVersion "1"]
[SourceVersionDate "2023.10.10"]
[SourceQuality "1"]
[WhiteTeam "Vysoke Myto"]
[BlackTeam "Policka Stefanydes"]
[WhiteTeamCountry "CZE"]
[BlackTeamCountry "CZE"]

1. e4 c5 2. Nf3 e6 3. d4 cxd4 4. Nxd4 Nf6 5. Nc3 Bb4 6. Bd3 d5 7. exd5 Nxd5 8. Bd2 Nxc3 9. bxc3 Be7 10. 0-0 Nd7 11. Re1 Nc5 12. Bc4 0-0 13. Qf3 Bf6 14. Be3 Na4 15. Bd2 Qc7 16. Bb3 Bd7 17. Rab1 Nc5 18. Bc4 a6 19. Bd3 Rac8 20. Re3 Nxd3 21. Rxd3 b5 22. a4 e5 23. Nf5 Bxf5 24. Qxf5 Qc6 25. axb5 axb5 26. Qd7 Qxd7 27. Rxd7 Rfd8 28. Rxd8+ Rxd8 29. Be3 h6 30. g3 Rd5 31. Ra1 Kh7 32. Ra7 Kg6 33. Kg2 e4 34. Rc7 Be5 35. Rc6+ f6 36. c4 bxc4 37. Rxc4 f5 38. Rc6+ Kf7 39. h4 Rd1 40. c4 Rd3 41. Kf1 Bxg3 42. Bxh6 Rf3 43. Kg2 Bxh4 44. Be3 Bf6 45. Ra6 f4 46. Ba7 Rc3 47. c5 Bd4 48. c6 Bxa7 49. Rxa7+ Kf6 50. c7 g5 51. Ra6+ Kf5 52. Ra5+ Kg4 53. Ra4 f3+ 54. Kh2 Kf4 55. Ra7 Rc2 56. Kg1 Kg4 57. Ra4 Kh3 58. c8Q+ Rxc8 0-1

[Event "Pardubice Czech op-B 32nd"]
[Site "Pardubice"]
[Date "2021.07.30"]
[Round "8"]
[White "Novak, Ales"]
[Black "Palamarchuk, Andrey"]
[Result "0-1"]
[WhiteElo "2121"]
[BlackElo "2011"]
[PlyCount "90"]
[EventDate "2021.07.24"]
[EventType "swiss"]
[EventRounds "9"]
[EventCountry "CZE"]
[SourceTitle "EXT 2022"]
[Source "ChessBase"]
[SourceDate "2021.10.06"]
[SourceVersion "1"]
[SourceVersionDate "2021.10.06"]
[SourceQuality "1"]

1. d4 d5 2. Bg5 Nf6 3. Bxf6 gxf6 4. c4 dxc4 5. e3 Rg8 6. Qc2 Qd5 7. Nc3 Qa5 8. Bxc4 Rxg2 9. Qxh7 Rg7 10. Qc2 Bg4 11. Nge2 Bf3 12. Rf1 Nd7 13. 0-0-0 e6 14. Rg1 Rxg1 15. Rxg1 Nb6 16. Bd3 0-0-0 17. Rg8 Qh5 18. Ng1 Bc6 19. h3 f5 20. f4 Qh7 21. Rg3 Be7 22. Nf3 Bxf3 23. Rxf3 Rg8 24. Qh2 Bh4 25. Ne2 Qh5 26. Rf1 Nd5 27. Rg1 Rd8 28. Kd2 Qf3 29. a3 Qxe3+ 30. Kc2 Rd6 31. Qg2 Rc6+ 32. Nc3 Qxd3+ 33. Kxd3 Nxf4+ 34. Ke3 Nxg2+ 35. Rxg2 Bf6 36. Nb5 Rb6 37. Nc3 Rd6 38. Ne2 Kd7 39. Rh2 Bh4 40. Rg2 Ke7 41. Nf4 Bf6 42. Ne2 Rd8 43. Rh2 Rh8 44. Kf3 Rh4 45. Ke3 c5 0-1

[Event "Pardubice Czech op-B 32nd"]
[Site "Pardubice"]
[Date "2021.07.25"]
[Round "2"]
[White "Novak, Ales"]
[Black "Richterova, Julie"]
[Result "1-0"]
[WhiteElo "2121"]
[BlackElo "1815"]
[PlyCount "107"]
[EventDate "2021.07.24"]
[EventType "swiss"]
[EventRounds "9"]
[EventCountry "CZE"]
[SourceTitle "EXT 2022"]
[Source "ChessBase"]
[SourceDate "2021.10.06"]
[SourceVersion "1"]
[SourceVersionDate "2021.10.06"]
[SourceQuality "1"]

1. d4 d5 2. Bg5 c6 3. e3 Bf5 4. c3 Nd7 5. Qb3 Qb6 6. Nf3 h6 7. Bf4 Ngf6 8. h3 e6 9. Nbd2 Be7 10. Be2 0-0 11. 0-0 Rfc8 12. Rac1 Bh7 13. c4 dxc4 14. Rxc4 Nd5 15. Bg3 N7f6 16. Bd3 Qxb3 17. Bxh7+ Kxh7 18. Nxb3 Ne4 19. Bh2 Bd6 20. a3 Bxh2+ 21. Kxh2 Rc7 22. Nfd2 Nd6 23. Rc2 Nf6 24. Nc5 Rac8 25. Rfc1 a5 26. Kg1 Ra8 27. Kf1 Kg8 28. Ke2 Kf8 29. Kd3 a4 30. Nc4 Nc8 31. f3 b6 32. Ne4 Nxe4 33. fxe4 c5 34. Ne5 Nd6 35. dxc5 bxc5 36. Rxc5 Rb7 37. R1c2 Rd8 38. Nc6 Rdd7 39. e5 Rb3+ 40. Ke2 Ne4 41. Ra5 Kg8 42. Nd4 Ng3+ 43. Kf2 Ne4+ 44. Ke2 Ng3+ 45. Kf2 Ne4+ 46. Kg1 Rxe3 47. Rxa4 Re1+ 48. Kh2 Rd1 49. Nxe6 R7d2 50. Rc8+ Kh7 51. Nf8+ Kg8 52. Rxe4 Rd8 53. Rxd8 Rxd8 54. Ng6 1-0

[Event "Pardubice Czech op-B 29th"]
[Site "Pardubice"]
[Date "2018.07.24"]
[Round "5"]
[White "Vakulenko, Aleksandr"]
[Black "Novak, Ales"]
[Result "0-1"]
[WhiteElo "1941"]
[BlackElo "2071"]
[PlyCount "68"]
[EventDate "2018.07.20"]
[EventType "swiss"]
[EventRounds "9"]
[EventCountry "CZE"]
[SourceTitle "CBM 186 Extra"]
[Source "ChessBase"]
[SourceDate "2018.08.24"]
[SourceVersion "1"]
[SourceVersionDate "2018.08.24"]
[SourceQuality "1"]

1. e4 e5 2. Nf3 f5 3. d3 Nc6 4. Nc3 Nf6 5. Be2 d6 6. 0-0 Be7 7. Nd5 Nxd5 8. exd5 Nb8 9. b4 0-0 10. Bb2 Nd7 11. c4 Rf6 12. Ng5 Nf8 13. f4 Rh6 14. Nh3 Bf6 15. Qb3 exf4 16. Nxf4 g5 17. Nh5 Be5 18. d4 Bxh2+ 19. Kxh2 g4 20. g3 Qe8 21. Kg1 Qxh5 22. Kf2 Qh2+ 23. Ke1 Rh3 24. Kd2 Rxg3 25. Qc2 Qh6+ 26. Kd1 Bd7 27. Bc1 Qf6 28. Qd2 Ng6 29. Kc2 Re8 30. Rf2 Re4 31. Bb2 Ba4+ 32. Kb1 Rg1+ 33. Bf1 g3 34. Rf3 g2 0-1

[Event "CZE-chT2C 1011"]
[Site "Czech Republic"]
[Date "2011.02.20"]
[Round "8.4"]
[White "Novak, Ales"]
[Black "Balacek, Tadeas"]
[Result "0-1"]
[WhiteElo "2088"]
[BlackElo "2110"]
[PlyCount "84"]
[EventDate "2010.10.17"]
[EventType "team-tourn"]
[EventRounds "11"]
[EventCountry "CZE"]
[SourceTitle "EXT 2012"]
[Source "ChessBase"]
[SourceDate "2011.11.24"]
[SourceVersion "1"]
[SourceVersionDate "2011.11.24"]
[SourceQuality "1"]
[WhiteTeam "Pardubice Bohemia"]
[BlackTeam "Kolin"]
[WhiteTeamCountry "CZE"]
[BlackTeamCountry "CZE"]

1. d4 Nf6 2. Nf3 g6 3. Nc3 d5 4. Bf4 Bg7 5. e3 0-0 6. Be2 b6 7. Ne5 Bb7 8. h4 Nfd7 9. h5 Nxe5 10. Bxe5 f6 11. Bg3 e5 12. hxg6 hxg6 13. dxe5 fxe5 14. Bg4 Re8 15. Qd2 d4 16. Ne2 Bxg2 17. Rh2 Qd5 18. f3 Bxf3 19. Bxf3 Qxf3 20. exd4 exd4 21. 0-0-0 Nc6 22. Bxc7 Rac8 23. Bf4 d3 24. Ng1 Qd5 25. Qxd3 Qxa2 26. Qa3 Qc4 27. Nh3 Nd4 28. Kb1 Nxc2 29. Qa2 Qxa2+ 30. Kxa2 Re4 31. Bd6 b5 32. Kb1 Nd4 33. Nf2 Re2 34. Ng4 Rcc2 35. Rxe2 Rxe2 36. Rd3 Nf5 37. b3 Re4 38. Nf2 Re1+ 39. Nd1 Ne3 40. Kc1 Bh6 41. Bb4 Nxd1+ 42. Kb1 Nf2+ 0-1

[Event "CZE-chT2D 0910"]
[Site "Czech Republic"]
[Date "2010.02.28"]
[Round "8.2"]
[White "Novak, Ales"]
[Black "Medunova, Vera"]
[Result "1/2-1/2"]
[WhiteElo "2084"]
[BlackElo "2065"]
[PlyCount "129"]
[EventDate "2009.10.18"]
[EventType "team-tourn"]
[EventRounds "11"]
[EventCountry "CZE"]
[SourceTitle "EXT 2012"]
[Source "ChessBase"]
[SourceDate "2011.11.24"]
[SourceVersion "1"]
[SourceVersionDate "2011.11.24"]
[SourceQuality "1"]
[WhiteTeam "Pardubice Bohemia"]
[BlackTeam "Brno Lokomotiva II"]
[WhiteTeamCountry "CZE"]
[BlackTeamCountry "CZE"]

1. Nc3 d5 2. e4 d4 3. Nce2 d3 4. cxd3 e5 5. Nf3 Nc6 6. d4 exd4 7. Nf4 Nf6 8. Bb5 Bd7 9. d3 Bb4+ 10. Bd2 Bc5 11. Rc1 Bb6 12. 0-0 0-0 13. h3 Re8 14. a4 a5 15. Qb3 Ne5 16. Nxe5 Rxe5 17. Bxd7 Qxd7 18. Ne2 h6 19. Bf4 Re6 20. Bg3 Rd8 21. Rc4 Rc6 22. Rfc1 Rxc4 23. Rxc4 Re8 24. Kh1 Qd8 25. Bh4 g5 26. Bg3 Re6 27. Qd1 Qd7 28. f4 Rc6 29. Qc1 Rxc4 30. Qxc4 g4 31. f5 gxh3 32. gxh3 c5 33. b3 Qc6 34. Qc2 Bc7 35. Bxc7 Qxc7 36. Qd2 Kh7 37. Kg2 b6 38. Qf4 Qxf4 39. Nxf4 Nd7 40. Kf3 Ne5+ 41. Ke2 Kg7 42. Nh5+ Kf8 43. Nf6 Kg7 44. Ne8+ Kf8 45. Nd6 f6 46. Nc4 Nd7 47. Kf3 Kg8 48. Kf4 Kg7 49. e5 fxe5+ 50. Nxe5 Nf6 51. Nc4 Nd7 52. Nd6 Kf6 53. Ne4+ Kf7 54. Ng3 Ke7 55. Nh5 Kd6 56. Ke4 Ne5 57. Nf6 Nf7 58. h4 Kc6 59. Ne8 b5 60. f6 bxa4 61. bxa4 Kd7 62. Ng7 Kd6 63. Ne8+ Kd7 64. Ng7 Kd6 65. Ne8+ 1/2-1/2

[Event "CZE-chT2D 0910"]
[Site "Czech Republic"]
[Date "2009.12.06"]
[Round "4.2"]
[White "Novak, Ales"]
[Black "Piza, Vlastimil"]
[Result "0-1"]
[WhiteElo "2084"]
[BlackElo "2297"]
[PlyCount "102"]
[EventDate "2009.10.18"]
[EventType "team-tourn"]
[EventRounds "11"]
[EventCountry "CZE"]
[SourceTitle "EXT 2012"]
[Source "ChessBase"]
[SourceDate "2011.11.24"]
[SourceVersion "1"]
[SourceVersionDate "2011.11.24"]
[SourceQuality "1"]
[WhiteTeam "Pardubice Bohemia"]
[BlackTeam "Trebic Caissa"]
[WhiteTeamCountry "CZE"]
[BlackTeamCountry "CZE"]

1. d4 Nf6 2. Bg5 c5 3. Nc3 cxd4 4. Qxd4 Nc6 5. Qh4 e6 6. e4 Be7 7. f4 Qb6 8. 0-0-0 Qe3+ 9. Kb1 Nxe4 10. Nxe4 Qxe4 11. Bxe7 Nxe7 12. Nh3 Nf5 13. Qf2 Qe3 14. Bd3 Qxf2 15. Nxf2 Ne3 16. Rdg1 d5 17. g3 Bd7 18. Re1 Nc4 19. Bxc4 dxc4 20. Re3 Bc6 21. Rd1 0-0 22. Kc1 Rfd8 23. Ne4 Rxd1+ 24. Kxd1 Rd8+ 25. Kc1 b5 26. a3 h6 27. Nc5 a5 28. b4 cxb3 29. Nxb3 a4 30. Nd2 Bd5 31. Rc3 Rb8 32. Kb2 b4 33. axb4 Rxb4+ 34. Ka3 Rd4 35. Nf3 Bxf3 36. Rxf3 Rc4 37. Kb2 g5 38. f5 exf5 39. Rxf5 Kg7 40. c3 Kg6 41. Ra5 h5 42. Kc2 h4 43. Kd3 hxg3 44. hxg3 Rg4 45. c4 Rxg3+ 46. Kd4 Rg1 47. Rxa4 g4 48. Ke3 Kg5 49. Ra8 Re1+ 50. Kf2 Rc1 51. Rc8 Kf4 0-1

[Event "CZE-chT2D 0809"]
[Site "Czech Republic"]
[Date "2009.04.05"]
[Round "11.3"]
[White "Sedlacek, Oldrich"]
[Black "Novak, Ales"]
[Result "1/2-1/2"]
[WhiteElo "2333"]
[BlackElo "2068"]
[PlyCount "85"]
[EventDate "2008.10.12"]
[EventType "team-tourn"]
[EventRounds "11"]
[EventCountry "CZE"]
[SourceTitle "EXT 2010"]
[Source "ChessBase"]
[SourceDate "2010.11.25"]
[SourceVersion "1"]
[SourceVersionDate "2010.11.25"]
[SourceQuality "1"]

1. Nf3 c5 2. g3 g6 3. Bg2 Bg7 4. d4 cxd4 5. Nxd4 Nc6 6. Nxc6 bxc6 7. 0-0 Rb8 8. Nd2 Qc7 9. Nb3 Nf6 10. Bd2 0-0 11. Ba5 Qe5 12. Bc3 Qc7 13. e4 d6 14. Re1 Ne8 15. Ba5 Qd7 16. Qd2 c5 17. e5 Bxe5 18. Nxc5 Qb5 19. Nd3 Bf6 20. a4 Qd7 21. Bc3 Bxc3 22. Qxc3 Bb7 23. Bxb7 Qxb7 24. b4 Ng7 25. b5 Rfc8 26. Qd2 Nf5 27. Nb4 e6 28. Ra3 Rc4 29. Nc6 Qc7 30. Qg5 Re8 31. Rf3 Nd4 32. Rf4 Rc5 33. Qf6 Nxc6 34. bxc6 Rxc6 35. h4 Rc5 36. Rb1 Qe7 37. Qb2 Rec8 38. Qb7 R5c7 39. Qa6 Rxc2 40. Rb7 Rc1+ 41. Kh2 R1c7 42. Rxa7 Rxa7 43. Qxc8+ 1/2-1/2

[Event "CZE-chT2D 0809"]
[Site "Czech Republic"]
[Date "2009.01.25"]
[Round "7.2"]
[White "Novak, Ales"]
[Black "Jedlicka, Ales"]
[Result "0-1"]
[WhiteElo "2068"]
[BlackElo "2287"]
[PlyCount "120"]
[EventDate "2008.10.12"]
[EventType "team-tourn"]
[EventRounds "11"]
[EventCountry "CZE"]
[SourceTitle "EXT 2010"]
[Source "ChessBase"]
[SourceDate "2010.11.25"]
[SourceVersion "1"]
[SourceVersionDate "2010.11.25"]
[SourceQuality "1"]

1. e4 c5 2. Nc3 Nc6 3. f4 g6 4. Nf3 Bg7 5. Bb5 Nd4 6. 0-0 e6 7. e5 a6 8. Bd3 d5 9. Nxd4 cxd4 10. Ne2 Qb6 11. b3 Ne7 12. Ba3 Bd7 13. Qe1 Bb5 14. Qf2 Bxd3 15. cxd3 Nc6 16. Rfc1 Bf8 17. Bxf8 Rxf8 18. a3 Kd7 19. b4 a5 20. b5 Qxb5 21. Rab1 Qa6 22. Nxd4 Nxd4 23. Qxd4 b5 24. Rc5 Rab8 25. Rbc1 Rfc8 26. Kf2 Qb6 27. Ke3 Rxc5 28. Qxc5 Qxc5+ 29. Rxc5 b4 30. axb4 axb4 31. d4 b3 32. Rc1 b2 33. Rb1 Rb3+ 34. d3 Rb4 35. g3 Kc6 36. Kd2 Rxd4 37. Rxb2 Ra4 38. Rc2+ Kd7 39. Ke3 Ra1 40. Rb2 Rg1 41. Ra2 Ke7 42. Rb2 h6 43. Kf3 Rd1 44. Ke2 Rh1 45. Kf3 Kf8 46. Ra2 Kg7 47. Rb2 g5 48. fxg5 hxg5 49. Rf2 Re1 50. Re2 g4+ 51. Kf2 Rxe2+ 52. Kxe2 d4 53. Kf2 Kg6 54. Kg2 Kf5 55. h4 gxh3+ 56. Kxh3 Kxe5 57. Kg4 f6 58. Kf3 Kf5 59. Kf2 Kg4 60. Kg2 e5 0-1

[Event "CZE-chT2D 0809"]
[Site "Czech Republic"]
[Date "2008.12.21"]
[Round "5.3"]
[White "Svanda, Pavel"]
[Black "Novak, Ales"]
[Result "1-0"]
[WhiteElo "2198"]
[BlackElo "2068"]
[PlyCount "142"]
[EventDate "2008.10.12"]
[EventType "team-tourn"]
[EventRounds "11"]
[EventCountry "CZE"]
[SourceTitle "EXT 2010"]
[Source "ChessBase"]
[SourceDate "2010.11.25"]
[SourceVersion "1"]
[SourceVersionDate "2010.11.25"]
[SourceQuality "1"]

1. e4 d5 2. exd5 Qxd5 3. Nc3 Qd6 4. Bc4 Nf6 5. Nf3 a6 6. Qe2 Bg4 7. h3 Bh5 8. g4 Bg6 9. d3 Nc6 10. Bd2 0-0-0 11. g5 Nd7 12. Ne4 Bxe4 13. Qxe4 Nde5 14. Nxe5 Qxe5 15. Qxe5 Nxe5 16. Bb3 Nf3+ 17. Ke2 Nd4+ 18. Ke3 Nf5+ 19. Ke4 e6 20. c3 Bc5 21. Be1 Bb6 22. Rd1 Rd7 23. h4 c6 24. h5 Rdd8 25. Kf3 g6 26. d4 Ng7 27. hxg6 hxg6 28. Bd2 Bc7 29. Bf4 Rh5 30. Rxh5 Nxh5 31. Bxc7 Kxc7 32. Ke3 Rh8 33. c4 Kd6 34. c5+ Ke7 35. Rh1 Rd8 36. Bc2 Rd5 37. f4 Rd8 38. b4 Rh8 39. Bd3 Rd8 40. a4 Ng3 41. Rb1 Ra8 42. b5 axb5 43. axb5 Ra7 44. Rb3 Nf5+ 45. Bxf5 gxf5 46. bxc6 bxc6 47. Kd3 Kd7 48. Kc3 Kc7 49. Kb2 Ra4 50. Rd3 Kd7 51. Kb3 Ra1 52. Rh3 Ke7 53. Rh7 Rg1 54. Kb4 Rg4 55. Ka5 Kf8 56. Kb6 Rxf4 57. Kxc6 Rxd4 58. Kb5 Rd1 59. c6 Kg8 60. Rh4 Rd8 61. c7 Rc8 62. Kc6 Kg7 63. Rh6 e5 64. Rf6 e4 65. Kd7 e3 66. Rxf5 e2 67. Re5 Ra8 68. c8Q Rxc8 69. Kxc8 Kg6 70. Kc7 e1Q 71. Rxe1 Kxg5 1-0

[Event "CZE-chTV 0001"]
[Site "Czech Republic"]
[Date "2001.??.??"]
[Round "8"]
[White "Novak, Ales"]
[Black "Krys, Jaromir"]
[Result "0-1"]
[WhiteElo "1950"]
[BlackElo "2060"]
[PlyCount "40"]
[EventDate "2000.??.??"]
[EventType "team"]
[EventRounds "11"]
[EventCountry "CZE"]
[SourceTitle "EXT 2003"]
[Source "ChessBase"]
[SourceDate "2002.11.25"]
[SourceVersion "1"]
[SourceVersionDate "2002.11.25"]
[SourceQuality "1"]

1. e4 e5 2. f4 d5 3. exd5 e4 4. Nc3 Nf6 5. d3 Bf5 6. dxe4 Nxe4 7. Qe2 Qe7 8. Nxe4 Bxe4 9. c4 Nd7 10. Bd2 Nc5 11. Qe3 0-0-0 12. Nf3 Re8 13. Kf2 Qd8 14. Ne5 Bg6 15. Qh3+ Kb8 16. Re1 Bd6 17. b4 Bxe5 18. bxc5 Bd4+ 19. Be3 Rxe3 20. Rxe3 Re8 0-1

[Event "CZE-chTV 0001"]
[Site "Czech Republic"]
[Date "2001.??.??"]
[Round "6"]
[White "Novak, Ales"]
[Black "Voracek, Zdenek"]
[Result "1/2-1/2"]
[WhiteElo "1950"]
[BlackElo "2070"]
[PlyCount "22"]
[EventDate "2000.??.??"]
[EventType "team"]
[EventRounds "11"]
[EventCountry "CZE"]
[SourceTitle "EXT 2003"]
[Source "ChessBase"]
[SourceDate "2002.11.25"]
[SourceVersion "1"]
[SourceVersionDate "2002.11.25"]
[SourceQuality "1"]

1. e4 Nf6 2. e5 Nd5 3. d4 d6 4. Nf3 Bg4 5. Be2 e6 6. 0-0 Be7 7. c4 Nb6 8. Nc3 0-0 9. exd6 cxd6 10. Be3 Bf6 11. Rc1 Nc6 1/2-1/2